| 000 | 00821namaa2200217 i 4500 | ||
|---|---|---|---|
| 001 | 178907 | ||
| 003 | ES-MaACL | ||
| 005 | 20251014063252.0 | ||
| 008 | 110808s1876 fr | |||| ||fre d | ||
| 080 | _a623.1/.2 | ||
| 100 | 1 |
_aBrialmont, Alexis, _d1821-1903 _9126163 |
|
| 245 | 1 | 3 |
_aLa défense des états et les camps retranchés / _cpar le général A. Brialmont. |
| 260 |
_aParis : _bLibrairie Germer Baillière et Cª, _c1876. |
||
| 300 |
_a228 p., 2 lám. pleg. : _bil. ; _c22 cm. |
||
| 490 | 1 |
_aBibliothèque scientifique internationale ; _v22 |
|
| 500 | _aAvec nombreuses figures dans le texte, et deux planches hors texte. | ||
| 650 | 4 |
_aFortificaciones. _9136136 |
|
| 830 | 0 |
_aBibliothèque scientifique internationale ; _v22 _9186949 |
|
| 852 |
_aES-MaACL _jF-14352 |
||
| 999 |
_c178907 _d178907 |
||